000 00456nam a2200181Ia 4500
001 2044
005 20260306143813.0
008 260306t2010||||xx |||||||||||||| ||spa||
041 _aESP
082 _a610.28
_bN82
100 _aNorthrop, Robert B.
_eAUT
245 0 _aSignals and systems analysis in biomedical engineering
260 _c2010
300 _avarias paginaciones :
_c24 cm.
650 _aGEN
654 _aCPS
942 _cLIB
_dJUS
_fJUS
_2ddc
_n
999 _c2044
_d2044